| 000 | 01001nam a2200301 i 4500 | ||
|---|---|---|---|
| 003 | DO-SdBNP | ||
| 005 | 20250530092614.0 | ||
| 007 | ta | ||
| 008 | 250527b2024 dr ||||| |||| 00| 0 spa d | ||
| 020 | _a9789945290783 | ||
| 040 |
_aDO-SdBNP _bspa _cBNPHU _erda |
||
| 041 | _aspa | ||
| 082 | 4 |
_a862.2 _bA577a _222 |
|
| 100 | 1 |
_aAndújar, Rey _d1977- _eautor _4aut. _970058 |
|
| 245 | 1 | 0 |
_aAdverses / _cRey Andújar ; dirección editorial, Luis Reynaldo Pérez. |
| 246 |
_aAdverses : _bPiezas escénicas |
||
| 264 | 4 |
_aSanto Domingo, República Dominicana : _bLuna Insomne Editores, _c©2024. |
|
| 300 |
_a73 páginas ; _c23 cm. |
||
| 336 |
_atexto _btxt _2rdacontent |
||
| 337 |
_asin mediación _bn _2rdamedia |
||
| 338 |
_avolumen _bnc _2rdacarrier |
||
| 490 | 0 | _aColección Entremés teatro contemporáneo | |
| 590 | _aInventariado, 2025 /LP | ||
| 650 | 4 |
_aTeatro dominicano _9637 |
|
| 650 | 4 |
_aLiteratura dominicana. _967 |
|
| 910 | _aLP. Validado Control de Calidad/MAA | ||
| 942 |
_2ddc _cLBS1 |
||
| 999 |
_c58672 _d58672 |
||